000 00485nam a2200157 a 4500
001 000040520
005 20201002034203.0
008 130829s2004 dr r 000 0 spa d
040 _aDO-SdBNP
_bspa
_cBNPHU
082 _axxxxx
_bxxxxx
245 0 0 _auna década de participación ciudadana en la construcción de la democracia.
260 _aSanto Domingo :
_bMediabyte,
_c2004.
300 _a191 p. ;
_c21 cm.
500 _aBibliografías : p. 177-181
590 _aInventariado, 2018/BT
999 _c40010
_d40010